Manažment portfólia na základe miery výkonnosti DrawDown
DrawDown ako ukazovateľ rizikovosti a úspešnosti investičnej stratégie v oblasti Money Management (MM). Na investičnom trhu predstavuje DrawDown najvyšší pokles kapitálu. Model optimalizácie DrawDown portfólia. Experimentálne výpočty naprogramované v jazyku R prezentujú reálnu možnosť využitia DrawD...
Enregistré dans:
| Auteur principal: | |
|---|---|
| Autres auteurs: | , |
| Format: | Chapitre de livre |
| Langue: | slovaque |
| Sujets: | |
| Tags: |
Pas de tags, Soyez le premier à ajouter un tag!
|
MARC
| LEADER | 00000naa$a2200000$$$4500 | ||
|---|---|---|---|
| 001 | 0249954 | ||
| 005 | 20240502083712.7 | ||
| 041 | 0 | |a slo | |
| 044 | |a CZ | ||
| 245 | 1 | 0 | |a Manažment portfólia na základe miery výkonnosti DrawDown |c Ivan Brezina, Juraj Pekár, Ivan Brezina ml. |
| 520 | |a DrawDown ako ukazovateľ rizikovosti a úspešnosti investičnej stratégie v oblasti Money Management (MM). Na investičnom trhu predstavuje DrawDown najvyšší pokles kapitálu. Model optimalizácie DrawDown portfólia. Experimentálne výpočty naprogramované v jazyku R prezentujú reálnu možnosť využitia DrawDown pre rozhodovanie o alokácii disponibilných finančných zdrojov do najvýhodnejších aktív a takýmto spôsobom vytvorenie optimálneho portfólia investora. | ||
| 610 | 2 | 0 | |a trh finančný |
| 610 | 2 | 0 | |a investori |
| 610 | 2 | 0 | |a investovanie |
| 610 | 2 | 0 | |a rozhodovanie investičné |
| 610 | 2 | 0 | |a stratégia investičná |
| 610 | 2 | 0 | |a riziko |
| 610 | 2 | 0 | |a optimalizácia |
| 610 | 2 | 0 | |a portfólio |
| 610 | 2 | 0 | |a ukazovatele |
| 610 | 2 | 0 | |a metódy matematické |
| 100 | 1 | |a Brezina, Ivan, 1963- | |
| 700 | 1 | |a Pekár, Juraj, 1972- | |
| 700 | 1 | |a Brezina, Ivan, ml. | |